Statystyki dla 10 największych miast Polski na literę G

Kliknij tutaj aby rozwiązać quiz!

Ogólne statystyki

  • Ten quiz został rozwiązany 146 razy
  • Średni wynik to 6 z 10

Statystyki odpowiedzi

LudnośćMiasto% Poprawnych
470 805Gdańsk
98%
244 969Gdynia
98%
122 589Gorzów Wielkopolski
80%
177 049Gliwice
74%
67 570Gniezno
63%
93 564Grudziądz
61%
28 964Giżycko
48%
66 120Głogów
48%
32 452Grodzisk Mazowiecki
35%
26 973Gorlice
31%

Rozkład punktacji

Percentyl według liczby udzielonych odpowiedzi

Procent ludzi z każdym wynikiem

Twoja historia wyników

Nie rozwiązałeś tego quizu